Жизнеописания знаменитых полководцев. Вып. 1: Предисловие | Мильтиад | Фемистокл (Запись № 4039862)

Подробности
000 -МАРКЕР
контрольное поле 01403nam2a22003131 4500
001 - ИДЕНТИФИКАТОР ЗАПИСИ
контрольное поле v19\rc\1569256
005 - ИДЕНТИФИКАТОР ВЕРСИИ
контрольное поле 20260406082325.0
035 ## - ДРУГИЕ СИСТЕМНЫЕ НОМЕРА
Идентификатор записи (NLR Aleph) 004698936
100 ## - ДАННЫЕ ОБЩЕЙ ОБРАБОТКИ
Данные общей обработки 20061002d1892 |||y0rusy50 ca
101 1# - ЯЗЫК РЕСУРСА
Язык текста, звукозаписи и т.д. русский
Язык оригинала латинский
102 ## - СТРАНА ПУБЛИКАЦИИ ИЛИ ПРОИЗВОДСТВА
Страна публикации Российская Федерация
105 ## - ПОЛЕ КОДИРОВАННЫХ ДАННЫХ: ТЕКСТОВЫЕ МАТЕРИАЛЫ, МОНОГРАФИЧЕСКИЕ
Кодированные данные о монографическом текстовом документе y z |||||
200 1# - ЗАГЛАВИЕ И СВЕДЕНИЯ ОБ ОТВЕТСТВЕННОСТИ
Основное заглавие Предисловие
-- Мильтиад
-- Фемистокл
210 ## - ПУБЛИКАЦИЯ, РАСПРОСТРАНЕНИЕ И ДР.
Дата издания, распространения и т.д. 1892
Место издания, распространения и т.д. Б. м.
215 ## - ФИЗИЧЕСКАЯ ХАРАКТЕРИСТИКА
Специфическое обозначение материала и объем 31 с.
300 ## - ОБЩИЕ ПРИМЕЧАНИЯ
Текст примечания На обл.: 28
461 #0 - УРОВЕНЬ НАБОРА
Встроенное поле 001v19\rc\1569255
-- 2001#$aЖизнеописания знаменитых полководцев$eВып. 1-$fКорнелий Непот$vВып. 1
-- 700#0$aКорнелий Непот$fок. 99-ок. 32 до н. э.
Системный номер (АБИС) связанной записи 4039853
Автор Корнелий Непот (ок. 99-ок. 32 до н. э.)
Место публикации Санкт-Петербург
Дата публикации 1892
Первые сведения об ответственности Корнелий Непот
Имя издателя, распространителя и т.д. В.А. Вроблевский
Сведения, относящиеся к заглавию Вып. 1-
Заглавие Жизнеописания знаменитых полководцев
Номер тома Вып. 1
702 #0 - ИМЯ ЛИЦА - ВТОРИЧНАЯ ОТВЕТСТВЕННОСТЬ
Код отношения Прочие
Графика поля Кириллица
Материалы, к которым относится поле rus
Начальный элемент ввода Мильтиад
Дополнения к именам, кроме дат мл.
Даты ок.550-489 до н. э.
Идентификатор авторитетной/нормативной записи RU\NLR\AUTH\770277030
Системный номер авторитетной/нормативной записи 2648997
702 #0 - ИМЯ ЛИЦА - ВТОРИЧНАЯ ОТВЕТСТВЕННОСТЬ
Начальный элемент ввода Фемистокл
Даты ок. 525-ок. 460 д. н. э.
Код отношения Прочие
801 #0 - ИСТОЧНИК ЗАПИСИ
Страна Российская Федерация
Организация NLR
Правила каталогизации psbo
801 #0 - ИСТОЧНИК ЗАПИСИ
Страна Российская Федерация
Организация RuMoRGB
Источник данных psbo
801 #1 - ИСТОЧНИК ЗАПИСИ
Страна Российская Федерация
Организация ProSoft-M
Источник данных rusmarc
852 ## - МЕСТОНАХОЖДЕНИЕ И ШИФР ХРАНЕНИЯ
Идентификатор организации NLR
Шифр хранения (Call Number) 18.304.4.7(8(вып. 1))
899 ## - ДАННЫЕ О МЕСТОНАХОЖДЕНИИ (устаревшее)
Местонахождение RuMoRGB
Шифр хранения A 161/428 (28)
899 ## - ДАННЫЕ О МЕСТОНАХОЖДЕНИИ (устаревшее)
Местонахождение БАН
942 ## - ДОПОЛНИТЕЛЬНЫЕ ЭЛЕМЕНТЫ ЗАПИСИ (АБИС)
Тип экземпляра АБИС Книга
980 ## - КОЛЛЕКЦИЯ
Название коллекции Национальная библиография
Экземпляры
Тип экземпляра Дата поступления Библиотека постоянного хранения Библиотека текущего хранения Место хранения Шифр хранения Штрих-код Статус экземпляра
Книга 26.10.2013 РНБ (Московский) РНБ (Московский) Неопределен, для заказа не доступен, в ЭК виден   4698936-30  
Книга 26.10.2013 РНБ (Садовая) РНБ (Садовая) Русский книжный фонд -Главное здание, Ленинский читальный зал 18.304.4.7(8(вып. 1)) 4698936-10